000 00289pam a2200133 a 4500
020 _c
041 _aeng
082 _bAUS
100 _aAusten J.
245 _aPride & Prejudice
_hTextual Documents
260 _aNew Delhi
_bMacmillan India Ltd
_c1991
300 _a374p.
930 _a17129
999 _c94029
_d94029